| 000 | 00719nab a2200193 4500 | ||
|---|---|---|---|
| 001 | 244442 | ||
| 003 | OSt | ||
| 005 | 20230609121901.0 | ||
| 007 | tu | ||
| 008 | 200917s2020||||||| | ||
| 040 |
_aDE-2950 _cDE-2950 |
||
| 245 | 0 | 0 |
_aFFC drittbestes Team in Deutschland. _bSportsplitter. A-Jugend-Handballerinnen sichern sich bei Deutscher Meisterschaft in Blomberg die Bronzemedaille. Zwei U18-Leichtathleten aus Frankfurt erfüllen bei Wettkampf in Berlin die Norm für die nationalen Titelkämpfe / _cred. |
| 264 | _c2023 | ||
| 653 | _aFrankfurt (Oder) | ||
| 653 | _aHandball | ||
| 653 | _aFHC A-Jugend | ||
| 773 | 0 |
_g34. Jahrgang (2023) Nr. 130 vom 07.06.2023, S. 17: mit Foto _tMärkische Oderzeitung |
|
| 942 |
_2z _cA |
||
| 999 |
_c372532 _d372532 |
||